| 000 | 00506 a2200193 4500 | ||
|---|---|---|---|
| 005 | 20260319102056.0 | ||
| 008 | 260318b |||||||| |||| 00| 0 eng d | ||
| 020 |
_a9780198077626 _cRs. 750.00 |
||
| 040 | _aMAIN | ||
| 082 |
_a346.54013 _bK849F |
||
| 100 | _aKothari, Jayna | ||
| 245 | _aFuture of disability law in India | ||
| 260 |
_bOxford University Press _c2012 _aNew Delhi |
||
| 300 | _axxviii, 216 | ||
| 650 | _aLaw | ||
| 650 | _aDisability Law-India | ||
| 650 | _aPrivate Law | ||
| 942 | _cBK | ||
| 999 |
_c394276 _d394276 |
||